| 000 | 00905cam a2200265 i 4500 | ||
|---|---|---|---|
| 001 | 1711 | ||
| 003 | KOSZ 005 | ||
| 005 | 20200803135640.0 | ||
| 008 | 991116s1981 pl a f f |001 0 pol | ||
| 015 | _aPB 1982/535 | ||
| 020 | _a8301018100 | ||
| 040 |
_aWA N _cKOSZ 005/HR _dKOSZ 005/HR |
||
| 080 | _a51 | ||
| 080 | _a(075.8) | ||
| 100 | 1 |
_aDziubiński, Izydor _d(1929-2014) _eAutor |
|
| 245 | 1 | 0 |
_aMatematyka dla wyższych szkół technicznych. _nT. 2 / _cIzydor Dziubiński, Lucja Siewierski. |
| 260 |
_aWarszawa : _bPańst. Wydaw. Naukowe, _c1981. |
||
| 300 |
_a519, [1] s. : _bil., wykr. ; _c24 cm. |
||
| 504 | _aIndeks. | ||
| 650 | 4 |
_aMatematyka _xszkoły wyższe. |
|
| 655 | 4 | _aPodręczniki akademickie | |
| 700 | 1 |
_aSiewierski, Lucjan _eAutor |
|
| 856 |
_uhttp://koha.tu.koszalin.pl/cgi-bin/koha/opac-detail.pl?biblionumber=1711 _yKatalog online BPK |
||
| 942 |
_2UKD _cKS |
||
| 999 |
_c1711 _d1711 |
||